Geometry Dash - Most Downloaded Levels by Letter - I - Statistics

General Stats
  • This quiz has been taken 16 times
    10 since last reset
  • The average score is 8 of 20
Answer Stats
Publisher Difficulty Answer Downloads % Correct
Grenate Easy Demon iS 8,000,000
100%
Voxicat Easy Demon iSpyWithMyLittleEye 70,100,000
100%
roadbose Insane Demon ICE Carbon Diablo X 7,400,000
67%
DzRAS Hard ichor 27,900,000
67%
MrCheeseTigrr Easy Demon Impulse 19,300,000
67%
startor Easy Demon infinite circles 11,100,000
67%
Glittershroom Easy Demon Insomnia 11,000,000
67%
KrmaL Insane Demon Invisible Deadlocked 7,500,000
67%
Tedesco96 Harder Identification 12,200,000
33%
Danke Easy Demon Im Dead 9,300,000
33%
SUOMI Normal Infernal Arena 46,800,000
33%
f3lixsram Hard Inscius 20,100,000
33%
J4cKy Easy Demon invisible clubstep 17,100,000
33%
Defectum Easy Invisible on track 6,300,000
33%
izhar Easy IZnite 11,700,000
33%
ZenthicAlpha Hard Iceland 8,900,000
0%
Experience D Easy Demon Ice of dawn 6,200,000
0%
NiTro451 Easy Demon Impact X 9,400,000
0%
schady Hard Infusion 8,400,000
0%
f3lixsram Normal Invictus 8,200,000
0%
No matching quizzes found
Score Distribution
Percent of People with Each Score
Percentile by Number Answered
Your Score History
You have not taken this quiz since the last reset